The Quantum Enigma. (Record no. 348376)

000 -LEADER
fixed length control field 00397 a2200157 4500
020 ## - INTERNATIONAL STANDARD BOOK NUMBER
International Standard Book Number 9695191045
082 ## - DEWEY DECIMAL CLASSIFICATION NUMBER
Classification number 530.12
090 ## - LOCALLY ASSIGNED LC-TYPE CALL NUMBER (OCLC); LOCAL CALL NUMBER (RLIN)
-- 5987
-- 5987
100 ## - MAIN ENTRY--PERSONAL NAME
Personal name Smith,Wolfgang.
245 ## - TITLE STATEMENT
Title The Quantum Enigma.
Remainder of title Finding the Hidden key.
Statement of responsibility, etc. Wolfgang Smith.
250 ## - EDITION STATEMENT
Edition statement 1st
260 ## - PUBLICATION, DISTRIBUTION, ETC.
Place of publication, distribution, etc. Lahore.
Name of publisher, distributor, etc. Suhail Academy.
Date of publication, distribution, etc. 2005.
300 ## - PHYSICAL DESCRIPTION
Extent 156p.
500 ## - GENERAL NOTE
General note Hardcover.
942 ## - ADDED ENTRY ELEMENTS (KOHA)
Institution code [OBSOLETE] NBS
Koha item type Book
Call number prefix 530.12 SMI
Holdings
Withdrawn status Lost status Damaged status Not for loan Permanent Location Current Location Date acquired Total Checkouts Full call number Barcode Date last seen Date last checked out Price effective from Koha item type
        Central Library (CL) Central Library (CL) 08/28/2013 3 530.12 SMI NBSD-1451 11/27/2025 09/08/2025 08/28/2013 Book
© 2023 Central Library, National University of Sciences and Technology. All Rights Reserved.